| Tag |
First Indicator |
Second Indicator |
Subfields |
| LEADER |
00000cam a22000001i 4500 |
| 001 |
in00003906113 |
| 006 |
m d f |
| 007 |
cr bn mmmapmmp |
| 008 |
371003s1937 dcu o f000 0 eng d |
| 005 |
20250211001728.5 |
| 035 |
|
|
|a ebd1933006875
|
| 040 |
|
|
|a UMI
|c UMI
|e rda
|d UtOrBLW
|
| 086 |
0 |
|
|a C 13.16:502 H
|
| 099 |
|
|
|a C13.16..502H
|
| 110 |
1 |
|
|a United States.
|b Bureau of Standards.
|0 http://id.loc.gov/authorities/names/n89633966
|
| 245 |
1 |
0 |
|a Surface treatment for corrosion protection of steel members for low℗Ư-cost housing construction.
|
| 264 |
|
1 |
|a [Washington] :
|b [s.n.],
|c 1937.
|
| 300 |
|
|
|a 1 online resource (3 pages), digital, PDF file
|
| 336 |
|
|
|a text
|b txt
|2 rdacontent
|
| 337 |
|
|
|a computer
|b c
|2 rdamedia
|
| 338 |
|
|
|a online resource
|b cr
|2 rdacarrier
|
| 533 |
|
|
|a Electronic reproduction.
|b [Bethesda, Md.] :
|c ProQuest,
|d 2016
|e digital, PDF file.
|n ProQuest U.S. Executive Branch Documents
|n Mode of access: World Wide Web via ProQuest website.
|
| 588 |
|
|
|a Record is based on online resource; title from PDF title page (ProQuest, last viewed July 2016). Reuse except for individual research requires license from ProQuest, LLC.
|
| 650 |
|
0 |
|a Building materials.
|0 http://id.loc.gov/authorities/subjects/sh85017740
|
| 650 |
|
0 |
|a Iron.
|0 http://id.loc.gov/authorities/subjects/sh85068131
|
| 650 |
|
0 |
|a Housing.
|0 http://id.loc.gov/authorities/subjects/sh85062603
|
| 856 |
4 |
0 |
|u http://proxy.library.tamu.edu/login?url=http://congressional.proquest.com/congressional/docview/t66.d71.c13.16..502h?
|y Electronic resource (PDF)
|t 0
|
| 999 |
f |
f |
|s e2d2d4aa-1872-362e-8624-399a0e720870
|i 37cf2138-2b86-313b-8a06-adb1ac185458
|t 0
|
| 952 |
f |
f |
|a Texas A&M University
|b College Station
|c Electronic Resources
|d Available Online
|t 0
|h No information provided
|
| 998 |
f |
f |
|t 0
|l Available Online
|